Statistiken für Französische Bezeichnungen für Städte ausserhalb Frankreichs

Klicken Sie hier um das Quiz zu spielen!

Allgemein

  • Dieses Quiz wurde 89 mal gespielt
  • Das Durchschnittsergebnis liegt bei 16 aus 44

Antwortstatistiken

StadtAuf Französisch% Korrekt
BrüsselBruxelles
86%
KölnCologne
86%
HamburgHambourg
76%
Genf
Genève
73%
WienVienne
70%
LondonLondres
66%
MünchenMunich
62%
BremenBrême
59%
BolognaBologne
56%
ZürichZurich
52%
VeronaVérone
49%
BaselBâle
48%
KonstanzConstance
48%
LüttichLiège
48%
NürnbergNuremberg
48%
AachenAix-la-Chapelle
45%
NeapelNaples
45%
MoskauMoscou
42%
BrüggeBruges
41%
LuzernLucerne
41%
KoblenzCoblence
39%
HannoverHanovre
39%
AugsburgAugsbourg
35%
BielBienne
32%
AntwerpenAnvers
28%
AthenAthènes
28%
BukarestBucarest
28%
MainzMayence
28%
PekingPékin
25%
ZaragozaSaragosse
23%
Frankfurt am MainFrancfort-sur-le-Main
21%
TrierTrèves
21%
WarschauVarsovie
21%
VenedigVenise
21%
RegensburgRatisbonne
20%
LübeckLubec
15%
EdinburghÉdimbourg
13%
Freiburg im BreisgauFribourg-en-Brisgau
13%
JenaIéna
10%
WürzburgWurtzbourg
10%
CartagenaCarthagène
6%
NimwegenNimègue
3%
TübingenTubingue
3%
GöttingenGœttingue
1%

Verteilung der Resultate

Perzentil nach korrekt beantworteten Fragen

Anzahl Personen mit jedem Resultat

Ihre Resultats-Entwicklung

Sie haben dieses Quiz noch nicht gespielt